| 000 | 01130nam a22003497a 4500 | ||
|---|---|---|---|
| 001 | 000702 | ||
| 003 | DO-SdBPM | ||
| 005 | 20260306103327.0 | ||
| 007 | ta | ||
| 008 | 161114b2004 sp a || |||| 00| 0 spa d | ||
| 020 | _a8420465844 | ||
| 040 |
_aDO-SdBPM _bspa _cBPMSU _erda |
||
| 082 | 0 | 4 |
_aU863.6 _bB532b 2004 _222 |
| 100 | 1 |
_aBerocay, Roy, _d1955- _4aut. _eautor |
|
| 245 | 1 | 0 |
_aBabú / _cRoy Berocay ; ilustraciones de Mikel Valverde. |
| 250 | _a2ª ed. | ||
| 264 |
_aMadrid : _bAlfaguara, _c2004. |
||
| 300 |
_a69 páginas : _bilustraciones _c20 cm. |
||
| 336 |
_atexto _b txt _2rdacontent |
||
| 337 |
_asin mediación _bn _2rdamedia |
||
| 338 |
_avolumen _bnc _2rdacarrier |
||
| 490 | 0 | _aPróxima parada Alfaguara | |
| 500 | _aPara niños a partir de los 8 años. | ||
| 500 | _aIncluye datos de la autor | ||
| 521 | _a Recomendado a partir de 8 años. | ||
| 590 | _aInventariado, 2026/VM | ||
| 650 | 7 | _aCuentos infantiles uruguayos. | |
| 650 | 7 |
_aMico _vCuentos juveniles |
|
| 700 | 1 |
_aValverde, Mikel, _d1966- _eilustraciones |
|
| 910 | _aVMateo V. Control de calidad. BPMSU | ||
| 942 |
_2ddc _cBK |
||
| 999 |
_c11960 _d11960 |
||